Tun Tan Cheng Lock

Bibliographic Details
Main Author: Siti Mariam Daud
Format: Book
Published: Kuala Lumpur : Jade Green Publications , 1996
Series:Siri Pejuang Dan Pembina Negara
Subjects:

MARC

LEADER 00000cam a2200000 7i4500
001 0000009012
002 000009822
005 20000330.0
020 |a 9839293044 
090 0 0 |a 920   |b SIT 
100 0 |a Siti Mariam Daud 
245 1 0 |a Tun Tan Cheng Lock   |c Siti Mariam Daud 
260 |a Kuala Lumpur :   |b Jade Green Publications ,   |c 1996 
300 |a 58p. :   |b ill ;   |c 21cm. 
490 0 |a Siri Pejuang Dan Pembina Negara 
650 0 0 |a Tan Cheng Lock 1783-1952   |x Biography 
999 |a 051767   |b BUKU   |c PINJAMAN   |e PERPUSTAKAAN KOMUNITI PETALING JAYA 
999 |a 051768   |b BUKU   |c MALAYSIANA   |e PERPUSTAKAAN KOMUNITI PETALING JAYA 
999 |a 053839   |b BUKU   |c PINJAMAN   |e PERPUSTAKAAN KOMUNITI CAW KOTA DAMANSARA 
999 |a 053840   |b BUKU   |c PINJAMAN   |e PERPUSTAKAAN KOMUNITI CAW KOTA DAMANSARA